MARC details
| 000 -LEADER |
| fixed length control field |
03125cam a2200637Ii 4500 |
| 001 - CONTROL NUMBER |
| control field |
ocn933567928 |
| 003 - CONTROL NUMBER IDENTIFIER |
| control field |
OCoLC |
| 005 - DATE AND TIME OF LATEST TRANSACTION |
| control field |
20200320201440.0 |
| 008 - FIXED-LENGTH DATA ELEMENTS--GENERAL INFORMATION |
| fixed length control field |
151230t20162016nyua j 000 1 eng d |
| 019 ## - |
| -- |
953003821 |
| 020 ## - INTERNATIONAL STANDARD BOOK NUMBER |
| International Standard Book Number |
9780451469557 |
| Qualifying information |
(hardcover) |
| 020 ## - INTERNATIONAL STANDARD BOOK NUMBER |
| International Standard Book Number |
0451469550 |
| Qualifying information |
(hardcover) |
| 035 ## - SYSTEM CONTROL NUMBER |
| System control number |
(OCoLC)933567928 |
| Canceled/invalid control number |
(OCoLC)953003821 |
| 040 ## - CATALOGING SOURCE |
| Original cataloging agency |
YDXCP |
| Language of cataloging |
eng |
| Description conventions |
rda |
| Transcribing agency |
YDXCP |
| Modifying agency |
BTCTA |
| -- |
OCLCQ |
| -- |
TOH |
| -- |
ORX |
| -- |
ZHB |
| -- |
BKL |
| -- |
OCLCO |
| -- |
ILC |
| -- |
OCLCO |
| -- |
UAB |
| -- |
IMD |
| -- |
OCLCO |
| -- |
OCP |
| -- |
OCLCO |
| -- |
OCLCF |
| -- |
OCLCO |
| -- |
OCL |
| -- |
OCLCO |
| -- |
WACOL |
| 049 ## - LOCAL HOLDINGS (OCLC) |
| Holding library |
WACL |
| 050 #4 - LIBRARY OF CONGRESS CALL NUMBER |
| Classification number |
PZ7.M33882 |
| Item number |
Iah 2016 |
| 082 04 - DEWEY DECIMAL CLASSIFICATION NUMBER |
| Classification number |
[E] |
| Edition number |
23 |
| 092 ## - LOCALLY ASSIGNED DEWEY CALL NUMBER (OCLC) |
| Classification number |
childrens |
| Item number |
Mar |
| 100 1# - MAIN ENTRY--PERSONAL NAME |
| Personal name |
Marino, Gianna, |
| Relator term |
author, |
| -- |
illustrator. |
| 9 (RLIN) |
5904578 |
| 245 10 - TITLE STATEMENT |
| Title |
I am the mountain mouse : |
| Remainder of title |
four furry tales, one crazy mouse! / |
| Statement of responsibility, etc |
Gianna Marino. |
| 264 #1 - Production, Publication, Distribution, Manufacture, and Copyright Notice. |
| Place of production, publication, distribution, manufacture |
New York, New York : |
| Name of producer, publisher, distributor, manufacturer |
Viking, an imprint of Penguin Random House LLC, |
| Date of production, publication, distribution, manufacture, or copyr |
2016. |
| 264 #4 - Production, Publication, Distribution, Manufacture, and Copyright Notice. |
| Date of production, publication, distribution, manufacture, or copyr |
©2016 |
| 300 ## - PHYSICAL DESCRIPTION |
| Extent |
1 volume (unpaged) : |
| Other physical details |
color illustrations ; |
| Dimensions |
28 cm |
| 336 ## - Content Type |
| Content type term |
text |
| 336 ## - Content Type |
| Content type term |
still image |
| 337 ## - Media type |
| Media type term |
unmediated |
| 338 ## - Carrier type |
| Carrier type term |
volume |
| 500 ## - GENERAL NOTE |
| General note |
Subtitle from cover. |
| 505 0# - FORMATTED CONTENTS NOTE |
| Formatted contents note |
The food story -- The pool story -- The bed story -- The coconut story. |
| 520 ## - SUMMARY, ETC. |
| Summary, etc |
Here is a timely tale of a mouse who thinks he's a lot braver and better than anyone around him. Undaunted by extreme heights, wild animals, or angry birds, this mouse is determined to conquer every obstacle in his path. He climbs, dives, and does all that he can to prove how brave he is. "I am the mountain mouse!" he shouts when he summits his first not-quite-mountain. And this is usually the warning for his minions to take cover... because what they see and what Mountain Mouse sees are never quite the same! |
| 521 ## - TARGET AUDIENCE NOTE |
| Target audience note |
childrens |
| Source |
junior library guild |
| 650 #0 - SUBJECT ADDED ENTRY--TOPICAL TERM |
| Topical term or geographic name as entry element |
Mice |
| Form subdivision |
Juvenile fiction. |
| 9 (RLIN) |
5676295 |
| 650 #0 - SUBJECT ADDED ENTRY--TOPICAL TERM |
| Topical term or geographic name as entry element |
Courage |
| Form subdivision |
Juvenile fiction. |
| 9 (RLIN) |
5674775 |
| 650 #0 - SUBJECT ADDED ENTRY--TOPICAL TERM |
| Topical term or geographic name as entry element |
Clumsiness |
| Form subdivision |
Juvenile fiction. |
| 9 (RLIN) |
5708905 |
| 650 #0 - SUBJECT ADDED ENTRY--TOPICAL TERM |
| Topical term or geographic name as entry element |
Egoism |
| Form subdivision |
Juvenile fiction. |
| 9 (RLIN) |
5801988 |
| 650 #1 - SUBJECT ADDED ENTRY--TOPICAL TERM |
| Topical term or geographic name as entry element |
Mice |
| Form subdivision |
Fiction. |
| 9 (RLIN) |
5925393 |
| 650 #1 - SUBJECT ADDED ENTRY--TOPICAL TERM |
| Topical term or geographic name as entry element |
Courage |
| Form subdivision |
Fiction. |
| 9 (RLIN) |
5675033 |
| 650 #1 - SUBJECT ADDED ENTRY--TOPICAL TERM |
| Topical term or geographic name as entry element |
Clumsiness |
| Form subdivision |
Fiction. |
| 9 (RLIN) |
5709484 |
| 650 #1 - SUBJECT ADDED ENTRY--TOPICAL TERM |
| Topical term or geographic name as entry element |
Egoism |
| Form subdivision |
Fiction. |
| 9 (RLIN) |
5780877 |
| 650 #0 - SUBJECT ADDED ENTRY--TOPICAL TERM |
| Topical term or geographic name as entry element |
Adventure stories. |
| 9 (RLIN) |
5925394 |
| 650 #7 - SUBJECT ADDED ENTRY--TOPICAL TERM |
| Topical term or geographic name as entry element |
Adventure stories. |
| Source of heading or term |
fast |
| -- |
(OCoLC)fst00797462 |
| 9 (RLIN) |
5925394 |
| 650 #7 - SUBJECT ADDED ENTRY--TOPICAL TERM |
| Topical term or geographic name as entry element |
Clumsiness. |
| Source of heading or term |
fast |
| -- |
(OCoLC)fst00864958 |
| 9 (RLIN) |
81595 |
| 650 #7 - SUBJECT ADDED ENTRY--TOPICAL TERM |
| Topical term or geographic name as entry element |
Courage. |
| Source of heading or term |
fast |
| -- |
(OCoLC)fst00881609 |
| 9 (RLIN) |
5925395 |
| 650 #7 - SUBJECT ADDED ENTRY--TOPICAL TERM |
| Topical term or geographic name as entry element |
Egoism. |
| Source of heading or term |
fast |
| -- |
(OCoLC)fst00903902 |
| 9 (RLIN) |
83117 |
| 650 #7 - SUBJECT ADDED ENTRY--TOPICAL TERM |
| Topical term or geographic name as entry element |
Mice. |
| Source of heading or term |
fast |
| -- |
(OCoLC)fst01019337 |
| 9 (RLIN) |
5925396 |
| 655 #7 - INDEX TERM--GENRE/FORM |
| Genre/form data or focus term |
Action and adventure fiction. |
| Source of term |
lcgft |
| 9 (RLIN) |
5687309 |
| 655 #7 - INDEX TERM--GENRE/FORM |
| Genre/form data or focus term |
Action and adventure fiction. |
| Source of term |
fast |
| -- |
(OCoLC)fst01921574 |
| 9 (RLIN) |
5687309 |
| 655 #7 - INDEX TERM--GENRE/FORM |
| Genre/form data or focus term |
Fiction. |
| Source of term |
fast |
| -- |
(OCoLC)fst01423787 |
| 9 (RLIN) |
5673940 |
| 655 #7 - INDEX TERM--GENRE/FORM |
| Genre/form data or focus term |
Juvenile works. |
| Source of term |
fast |
| -- |
(OCoLC)fst01411637 |
| 9 (RLIN) |
5673941 |
| 938 ## - |
| -- |
Baker and Taylor |
| -- |
BTCP |
| -- |
BK0018181031 |
| 938 ## - |
| -- |
YBP Library Services |
| -- |
YANK |
| -- |
12768240 |
| 942 ## - ADDED ENTRY ELEMENTS (KOHA) |
| Koha item type |
BOOK |
| 948 ## - LOCAL PROCESSING INFORMATION (OCLC); SERIES PART DESIGNATOR (RLIN) |
| Series part designator, SPT (RLIN) |
11/14/2016 |
| z (OCLC) |
Sirsi |
| 994 ## - |
| -- |
C0 |
| -- |
WACOL |
| 996 ## - |
| -- |
136363 |
| -- |
34301001333832 |
| -- |
E |
| -- |
bk |
| -- |
wcl |
| -- |
i |
| -- |
15 |
| -- |
16.99 |
| -- |
junior library guild |
| -- |
Mar |
| -- |
11/16/2016 |
| -- |
01/28/2020 |
| -- |
01/10/2020 |